Modelo de la onudi de contrato de costos reembolsables para la construcción de plantas de fertilizantes : incluidas las pautas y los anexos técnicos /
Guardado en:
| Autores Corporativos: | , |
|---|---|
| Formato: | Libro |
| Idioma: | Spanish English |
| Publicado: |
[s.l.] :
Organización de las Naciones Unidas para el Desarrollo Industrial (ONUDI),
1983.
|
| Materias: | |
| Etiquetas: |
Agregar Etiqueta
Sin Etiquetas, Sea el primero en etiquetar este registro!
|
| LEADER | 01447nam a22002655a 4500 | ||
|---|---|---|---|
| 001 | EIQ.libpla000124 | ||
| 008 | 050927s1983####xx############000#0#spa#d | ||
| 005 | 20060508192222.0 | ||
| 245 | 0 | 0 | |a Modelo de la onudi de contrato de costos reembolsables para la construcción de plantas de fertilizantes : |b incluidas las pautas y los anexos técnicos / |c preparado por la Subdivisión de Negociaciones, División de Coordinación de políticas. |
| 260 | |a [s.l.] : |b Organización de las Naciones Unidas para el Desarrollo Industrial (ONUDI), |c 1983. | ||
| 300 | |a 314 ; |c 29,5 cm. | ||
| 500 | |a "El presente documento es traducción de un texto que no ha pasado por los servicios de edición de la Secretaría de la ONUDI; sustituye a los documentos PC. 26 y PC. 41". | ||
| 500 | |a Título de cubierta. | ||
| 500 | |a "UNIDO/PC.26/Rev.1". | ||
| 500 | |a "1 junio 1983". | ||
| 710 | 2 | |a Subdivisión de Negociaciones. |b División de Coordinación de políticas. | |
| 710 | 2 | |a Organización de las Naciones Unidas para el Desarrollo Industrial (ONUDI) | |
| 650 | 4 | |a Plantas de fertilizantes |x Construcción. | |
| 650 | 4 | |a Plantas de fertilizantes |x Costos reembolsables. | |
| 650 | 4 | |a Fertilizer plant |x Reimbursable costs. | |
| 650 | 4 | |a Fertilizer plant |x Construction. | |
| 040 | |a AR-BbSID |b spa |c AR-BbSID | ||
| 041 | 1 | |a spa |h eng | |
| 859 | |a AR-BbSID |b BIB. PLAPIQUI |h 330 |i N 113 |p 4448 |t Ej. 1 |v Ej. 1 | ||
| 859 | |a AR-BbSID |b BIB. PLAPIQUI |h 330 |i N 113 |p 4451 |t Ej. 2 |v Ej. 2 | ||
